[Event "Kstovo Chess Hopes op"]
[Site "Kstovo"]
[Date "2015.07.02"]
[Round "9"]
[White "Akhmetov, Alisher"]
[Black "Antonova, Anastasia"]
[Result "0-1"]
[WhiteElo "1509"]
[BlackElo "1768"]
[PlyCount "68"]
[EventDate "2015.06.24"]
[EventType "swiss"]
[EventRounds "9"]
[EventCountry "RUS"]
[SourceTitle "CBM 167 Extra"]
[Source "ChessBase"]
[SourceDate "2015.09.14"]
[SourceVersion "1"]
[SourceVersionDate "2015.09.14"]
[SourceQuality "1"]

1. Nf3 d6 2. d4 Nf6 3. Bg5 Bg4 4. e3 Nc6 5. Be2 h6 6. Bh4 g5 7. Bg3 Ne4 8. Nbd2 Nxg3 9. hxg3 Bg7 10. d5 Nb4 11. Bb5+ c6 12. dxc6 bxc6 13. Ba4 Qa5 14. c3 Nd3+ 15. Kf1 Qa6 16. Qe2 Qxa4 17. Qxd3 Rb8 18. Nc4 Qb5 19. Nd4 Qb7 20. Qe4 d5 21. Nd6+ Kf8 22. Nxb7 dxe4 23. Nc5 Rxb2 24. Nxe4 Bxd4 25. cxd4 Kg7 26. f3 Be6 27. a4 Rhb8 28. Kg1 Re2 29. Kh2 Rbb2 30. Rhg1 Rxe3 31. Kh1 Bd5 32. Nc5 Ree2 33. Raf1 Rbd2 34. Rd1 Rc2 0-1

[Event "Kstovo Chess Hopes op"]
[Site "Kstovo"]
[Date "2015.06.29"]
[Round "6"]
[White "Akhmetov, Alisher"]
[Black "Timoshenko, K."]
[Result "0-1"]
[WhiteElo "1509"]
[BlackElo "1529"]
[PlyCount "58"]
[EventDate "2015.06.24"]
[EventType "swiss"]
[EventRounds "9"]
[EventCountry "RUS"]
[SourceTitle "CBM 167 Extra"]
[Source "ChessBase"]
[SourceDate "2015.09.14"]
[SourceVersion "1"]
[SourceVersionDate "2015.09.14"]
[SourceQuality "1"]

1. d4 Nf6 2. Nf3 g6 3. c4 Bg7 4. Nc3 d5 5. e3 0-0 6. Be2 c6 7. 0-0 Na6 8. a3 Nc7 9. b4 Rb8 10. Bd2 b5 11. c5 Ne4 12. a4 a6 13. a5 f5 14. Ne1 Ne6 15. f3 Nf6 16. Bd3 Qc7 17. e4 fxe4 18. fxe4 dxe4 19. Nxe4 Nxe4 20. Rxf8+ Kxf8 21. Bxe4 Bxd4+ 22. Kh1 Bxa1 23. Qxa1 Ng7 24. Bh6 e6 25. Qf6+ Kg8 26. Bxc6 Qf7 27. Qxf7+ Kxf7 28. Bf4 Bb7 29. Bxb8 Bxc6 0-1

[Event "Kstovo Chess Hopes op"]
[Site "Kstovo"]
[Date "2015.06.28"]
[Round "5"]
[White "Appanov, Artem"]
[Black "Akhmetov, Alisher"]
[Result "1-0"]
[WhiteElo "1970"]
[BlackElo "1509"]
[PlyCount "49"]
[EventDate "2015.06.24"]
[EventType "swiss"]
[EventRounds "9"]
[EventCountry "RUS"]
[SourceTitle "CBM 167 Extra"]
[Source "ChessBase"]
[SourceDate "2015.09.14"]
[SourceVersion "1"]
[SourceVersionDate "2015.09.14"]
[SourceQuality "1"]

1. c4 c5 2. Nc3 Nc6 3. g3 g6 4. Bg2 Nf6 5. e3 Bg7 6. Nge2 d6 7. 0-0 0-0 8. d4 Qc7 9. b3 b6 10. Bb2 Bb7 11. d5 Ne5 12. f4 Ned7 13. e4 e5 14. dxe6 fxe6 15. Nb5 Qc6 16. Qxd6 Nxe4 17. Qxc6 Bxc6 18. Bxg7 Kxg7 19. Nc7 e5 20. Ne6+ Kg8 21. Nxf8 Rxf8 22. Bxe4 Bxe4 23. Nc3 Bd3 24. Rfd1 Bf5 25. Nd5 1-0

[Event "Kstovo Chess Hopes op"]
[Site "Kstovo"]
[Date "2015.06.27"]
[Round "4"]
[White "Akhmetov, Alisher"]
[Black "Baryshev, Sergey"]
[Result "1-0"]
[WhiteElo "1509"]
[BlackElo "1740"]
[PlyCount "55"]
[EventDate "2015.06.24"]
[EventType "swiss"]
[EventRounds "9"]
[EventCountry "RUS"]
[SourceTitle "CBM 167 Extra"]
[Source "ChessBase"]
[SourceDate "2015.09.14"]
[SourceVersion "1"]
[SourceVersionDate "2015.09.14"]
[SourceQuality "1"]

1. Nf3 g6 2. d4 Bg7 3. c4 Nf6 4. Nc3 c6 5. Bg5 d5 6. e3 Ne4 7. Bf4 0-0 8. Bd3 f5 9. 0-0 e6 10. Ne5 Nd7 11. Nxd7 Bxd7 12. Bxe4 fxe4 13. Bd6 Rf7 14. c5 Qg5 15. Ne2 Re8 16. Bf4 Qe7 17. b4 e5 18. dxe5 Bxe5 19. Bxe5 Qxe5 20. Qd4 Qg5 21. Nf4 h5 22. f3 h4 23. Rac1 exf3 24. Rxf3 Re4 25. Qd2 Kh7 26. Nh3 Qe7 27. Rxf7+ Qxf7 28. Ng5+ 1-0

[Event "Kstovo Chess Hopes op"]
[Site "Kstovo"]
[Date "2015.06.25"]
[Round "2"]
[White "Zhukov , Maksim"]
[Black "Akhmetov, Alisher"]
[Result "1-0"]
[WhiteElo "1658"]
[BlackElo "1509"]
[PlyCount "45"]
[EventDate "2015.06.24"]
[EventType "swiss"]
[EventRounds "9"]
[EventCountry "RUS"]
[SourceTitle "CBM 167 Extra"]
[Source "ChessBase"]
[SourceDate "2015.09.14"]
[SourceVersion "1"]
[SourceVersionDate "2015.09.14"]
[SourceQuality "1"]

1. b3 e5 2. Bb2 Nc6 3. e3 d5 4. Bb5 Bd6 5. f4 Qe7 6. Nf3 Bg4 7. fxe5 Bxe5 8. Bxe5 Bxf3 9. Qxf3 Qxe5 10. Nc3 Nge7 11. Bxc6+ bxc6 12. 0-0 0-0 13. Rae1 Ng6 14. Qg4 f5 15. Qa4 c5 16. Qc6 d4 17. Na4 Nh4 18. Qxc5 Qe4 19. Qc4+ Kh8 20. Re2 dxe3 21. Qxe4 fxe4 22. Rxf8+ Rxf8 23. Rxe3 1-0

[Event "Kstovo Kichigin Memorial op 5th"]
[Site "Kstovo"]
[Date "2015.01.23"]
[Round "8"]
[White "Jevtushenko, VV."]
[Black "Akhmetov, Alisher"]
[Result "1-0"]
[WhiteElo "1780"]
[BlackElo "1459"]
[PlyCount "61"]
[EventDate "2015.01.16"]
[EventType "swiss"]
[EventRounds "9"]
[EventCountry "RUS"]
[SourceTitle "CBM 164 Extra"]
[Source "ChessBase"]
[SourceDate "2015.03.02"]
[SourceVersion "1"]
[SourceVersionDate "2015.03.02"]
[SourceQuality "1"]

1. Nf3 Nf6 2. b3 e6 3. Nc3 d5 4. e3 c5 5. d4 Nc6 6. Be2 Bd6 7. 0-0 0-0 8. Bb2 a6 9. Bd3 Nb4 10. Be2 b5 11. a3 Nc6 12. dxc5 Bxc5 13. b4 Bd6 14. Bd3 h6 15. e4 d4 16. Ne2 e5 17. c3 dxc3 18. Nxc3 Bg4 19. h3 Bxf3 20. Qxf3 Nd4 21. Qd1 Rc8 22. Ne2 Nxe2+ 23. Qxe2 Nd7 24. a4 Bxb4 25. axb5 axb5 26. Bxb5 Nb6 27. Bxe5 Rc5 28. Rfd1 Qg5 29. f4 Qg3 30. Bd4 Bc3 31. Bxc5 1-0

[Event "Kstovo Kichigin Memorial op 5th"]
[Site "Kstovo"]
[Date "2015.01.21"]
[Round "6"]
[White "Akhmetov, Alisher"]
[Black "Shilnikov, Igor S"]
[Result "0-1"]
[WhiteElo "1459"]
[BlackElo "1769"]
[PlyCount "44"]
[EventDate "2015.01.16"]
[EventType "swiss"]
[EventRounds "9"]
[EventCountry "RUS"]
[SourceTitle "CBM 164 Extra"]
[Source "ChessBase"]
[SourceDate "2015.03.02"]
[SourceVersion "1"]
[SourceVersionDate "2015.03.02"]
[SourceQuality "1"]

1. e4 e5 2. Nf3 Nc6 3. Bb5 g6 4. 0-0 Bg7 5. c3 a6 6. Bxc6 dxc6 7. d4 Bg4 8. d5 cxd5 9. exd5 Ne7 10. Nbd2 Qxd5 11. Qa4+ Bd7 12. Qc4 Qxc4 13. Nxc4 f6 14. Be3 b6 15. Rfd1 Bc6 16. Ne1 0-0 17. f3 Nd5 18. Nc2 Rfd8 19. Kf2 Bf8 20. Rd2 Nxe3 21. N2xe3 Rxd2+ 22. Nxd2 Rd8 0-1

[Event "Kstovo Kichigin Memorial op 5th"]
[Site "Kstovo"]
[Date "2015.01.18"]
[Round "3"]
[White "Hilova, Evelina"]
[Black "Akhmetov, Alisher"]
[Result "1-0"]
[WhiteElo "1761"]
[BlackElo "1459"]
[PlyCount "53"]
[EventDate "2015.01.16"]
[EventType "swiss"]
[EventRounds "9"]
[EventCountry "RUS"]
[SourceTitle "CBM 164 Extra"]
[Source "ChessBase"]
[SourceDate "2015.03.02"]
[SourceVersion "1"]
[SourceVersionDate "2015.03.02"]
[SourceQuality "1"]

1. d4 d5 2. Nf3 e6 3. g3 Nf6 4. Bg2 Be7 5. 0-0 0-0 6. c4 c6 7. b3 c5 8. e3 b6 9. Nc3 Ba6 10. Ne5 Qc7 11. Ba3 Re8 12. Re1 Bb7 13. Nb5 Qc8 14. cxd5 Bxd5 15. e4 Bc6 16. Nxc6 Qxc6 17. Qe2 a6 18. Nc3 cxd4 19. e5 Nd5 20. Nxd5 exd5 21. Bxe7 Rxe7 22. Rac1 Qd7 23. Bxd5 Ra7 24. e6 Qd8 25. exf7+ Kf8 26. Qh5 Rad7 27. Qxh7 1-0